|
|
|
|
| LEADER |
00000cam a2200000 7i4500 |
| 001 |
0000054128 |
| 005 |
20220105104200.0 |
| 008 |
151102 |
| 020 |
|
|
|a 9788180221569
|
| 090 |
0 |
0 |
|a JP
|b SC ENG
|
| 245 |
1 |
0 |
|a Grandpa tell me about...!! :
|b save water
|
| 260 |
|
|
|a [s.l] :
|b Priority Publications ,
|c 2013
|
| 490 |
0 |
|
|a Grandpa tell me about...!!
|
| 500 |
|
|
|a Children age 4-6 years old (yellow)
|
| 650 |
|
0 |
|a Science fiction
|
| 999 |
|
|
|a 0001362969
|b Book
|c Children Collection
|e Perbadanan Perpustakaan Awam Johor
|
| 999 |
|
|
|a 0001362970
|b Book
|c Children Collection
|e Cawangan Urban Transformation Centre
|
| 999 |
|
|
|a 0001362971
|b Book
|c Children Collection
|e Cawangan AEON Kulaijaya
|
| 999 |
|
|
|a 0001363616
|b Book
|c Children Collection
|e Cawangan Segamat
|
| 999 |
|
|
|a 0001363617
|b Book
|c Children Collection
|e Cawangan Tmn. Ungku Tun Aminah
|
| 999 |
|
|
|a 0001363618
|b Book
|c Children Collection
|e Cawangan Batu Pahat
|
| 999 |
|
|
|a 0001363619
|b Book
|c Children Collection
|e Cawangan Tangkak
|
| 999 |
|
|
|a 0001363620
|b Book
|c Children Collection
|e Cawangan Muar
|
| 999 |
|
|
|a 0001363621
|b Book
|c Children Collection
|e Cawangan Pontian
|
| 999 |
|
|
|a 0001363622
|b Book
|c Children Collection
|e Cawangan Sri Merlong
|
| 999 |
|
|
|a 0001363623
|b Book
|c Children Collection
|e Cawangan Bukit Gambir
|
| 999 |
|
|
|a 0001363624
|b Book
|c Banned Items
|e Cawangan Kota Tinggi
|
| 999 |
|
|
|a 0001363625
|b Book
|c Children Collection
|e Cawangan Mersing
|
| 999 |
|
|
|a 0001363626
|b Book
|c Children Collection
|e Cawangan Bandar Tenggara
|
| 999 |
|
|
|a 0001363627
|b Book
|c Children Collection
|e Cawangan Bandar Penawar
|
| 999 |
|
|
|a 0001363628
|b Book
|c Children Collection
|e Cawangan Taman Sri Lambak
|
| 999 |
|
|
|a 0001363629
|b Book
|c Children Collection
|e Cawangan Taman Universiti
|